[Event "Sterlitamak-ch U15"]
[Site "Sterlitamak"]
[Date "2016.04.17"]
[Round "4.5"]
[White "Buzueva, Alexandra"]
[Black "Kaupov, Bulat"]
[Result "1-0"]
[WhiteElo "1513"]
[BlackElo "1010"]
[PlyCount "51"]
[EventDate "2016.04.11"]
[EventType "swiss"]
[EventRounds "11"]
[EventCountry "RUS"]
[SourceTitle "EXT 2022"]
[Source "ChessBase"]
[SourceDate "2021.10.06"]
[SourceVersion "1"]
[SourceVersionDate "2021.10.06"]
[SourceQuality "1"]

1. e4 c5 2. Nf3 Nc6 3. d4 e6 4. d5 exd5 5. exd5 Nce7 6. Be3 d6 7. Bb5+ Bd7 8. Bxd7+ Qxd7 9. 0-0 Nf6 10. c4 g6 11. Nc3 Bg7 12. Qd2 Nf5 13. Bf4 0-0 14. Rab1 Rfe8 15. b4 Ne4 16. Nxe4 Rxe4 17. bxc5 Rxc4 18. cxd6 Nxd6 19. Ne5 Bxe5 20. Bxe5 Rc5 21. Rfc1 Nc4 22. Qh6 f5 23. Ba1 Rac8 24. Rd1 Nd6 25. Rbc1 Nf7 26. Qg7# 1-0